Die St.-Annakapelle zu Burrweiler: eine Wallfahrt im Spiegel der Jahrhunderte; (1716 - 1945)
| Subtitles: | Die Sankt-Annakapelle zu Burrweiler |
|---|---|
| Main Author: | |
| Format: | Print Book |
| Language: | German |
| Subito Delivery Service: | Order now. |
| Check availability: | HBZ Gateway |
| WorldCat: | WorldCat |
| Interlibrary Loan: | Interlibrary Loan for the Fachinformationsdienste (Specialized Information Services in Germany) |
| Published: |
Speyer
Pilger-Verl.
2005
|
| In: |
Schriften des Diözesan-Archivs Speyer (32)
Year: 2005 |
| Series/Journal: | Schriften des Diözesan-Archivs Speyer
32 |
| Standardized Subjects / Keyword chains: | B
Burrweiler
/ Pilgrimage
/ History 1716-1945
B Sankt Anna (Burrweiler) |
| Further subjects: | B
Anne (Mother of the Virgin Mary), Saint
Cult (Germany) (Burrweiler)
History
B Chapels (Germany) (Burrweiler) History B Leader B Christian pilgrims and pilgrimages (Germany) (Burrweiler) History B Anne (Mother of the Virgin Mary), Saint Relics (Germany) (Burrweiler) History |
MARC
| LEADER | 00000cam a2200000 c 4500 | ||
|---|---|---|---|
| 001 | 1619397641 | ||
| 003 | DE-627 | ||
| 005 | 20251225201515.0 | ||
| 007 | tu | ||
| 008 | 050817s2005 gw ||||| 00| ||ger c | ||
| 015 | |a 05,N22,0227 |2 dnb | ||
| 015 | |a 05,A32,0292 |2 dnb | ||
| 016 | 7 | |a 97487888X |2 DE-101 | |
| 020 | |a 3876370787 |9 3-87637-078-7 | ||
| 024 | 3 | |a 9783876370781 | |
| 035 | |a (DE-627)1619397641 | ||
| 035 | |a (DE-576)119418770 | ||
| 035 | |a (DE-599)DNB97487888X | ||
| 035 | |a (OCoLC)69105017 | ||
| 035 | |a (OCoLC)722813469 | ||
| 040 | |a DE-627 |b ger |c DE-627 |e rakwb | ||
| 041 | |a ger | ||
| 044 | |c XA-DE-RP | ||
| 050 | 0 | |a BX2320.5.G3 | |
| 082 | 0 | |a 230 | |
| 082 | 0 | |a 720 | |
| 082 | 0 | 4 | |a 720 |a 230 |
| 084 | |a BO 1255 |2 rvk |0 (DE-625)rvk/13934: | ||
| 100 | 1 | |0 (DE-627)1251644678 |0 (DE-576)181644673 |4 aut |a Lamm, Markus Lothar | |
| 109 | |a Lamm, Markus Lothar |a Lamm, Markus L. | ||
| 245 | 1 | 4 | |a Die St.-Annakapelle zu Burrweiler |b eine Wallfahrt im Spiegel der Jahrhunderte; (1716 - 1945) |c von Markus Lothar Lamm. [Hrsg.: Archiv des Bistums Speyer] |
| 246 | 3 | 3 | |a Die Sankt-Annakapelle zu Burrweiler |
| 263 | |a kart. : EUR 10.00 | ||
| 264 | 1 | |a Speyer |b Pilger-Verl. |c 2005 | |
| 300 | |a 80 S. |b Ill., Noten |c 21 cm, 150 gr. | ||
| 336 | |a Text |b txt |2 rdacontent | ||
| 337 | |a ohne Hilfsmittel zu benutzen |b n |2 rdamedia | ||
| 338 | |a Band |b nc |2 rdacarrier | ||
| 490 | 1 | |a Schriften des Diözesan-Archivs Speyer |v 32 | |
| 500 | |a Literaturverz. S. 75 - 77 | ||
| 583 | 1 | |a Archivierung prüfen |c 20200919 |f DE-640 |z 1 |2 pdager | |
| 600 | 1 | 0 | |a Anne |c (Mother of the Virgin Mary), Saint |x Cult |z Germany |z Burrweiler |x History |
| 600 | 1 | 0 | |a Anne |c (Mother of the Virgin Mary), Saint |x Relics |z Germany |z Burrweiler |x History |
| 601 | |a Spiegelung | ||
| 650 | 0 | |a Christian pilgrims and pilgrimages |z Germany |z Burrweiler |x History | |
| 650 | 0 | |a Chapels |z Germany |z Burrweiler |x History | |
| 655 | 7 | |a Führer |0 (DE-588)4155569-7 |0 (DE-627)10551487X |0 (DE-576)20982008X |2 gnd-content | |
| 689 | 0 | 0 | |d g |0 (DE-588)4094868-7 |0 (DE-627)105981583 |0 (DE-576)20931169X |2 gnd |a Burrweiler |
| 689 | 0 | 1 | |d s |0 (DE-588)4064460-1 |0 (DE-627)104522860 |0 (DE-576)209153628 |2 gnd |a Wallfahrt |
| 689 | 0 | 2 | |q z |2 gnd |a Geschichte 1716-1945 |
| 689 | 0 | |5 DE-101 | |
| 689 | 1 | 0 | |d g |0 (DE-588)4833707-9 |0 (DE-627)492174482 |0 (DE-576)217021387 |2 gnd |a Sankt Anna |g Burrweiler |
| 689 | 1 | |5 DE-101 | |
| 810 | 2 | |a Archiv des Bistums Speyer |t Schriften des Diözesan-Archivs Speyer |v 32 |9 32 |w (DE-627)167659421 |w (DE-576)016436156 |w (DE-600)557528-X |7 am | |
| 889 | |w (DE-627)486848523 | ||
| 935 | |a mteo | ||
| 935 | |i mdedup | ||
| 936 | r | v | |a BO 1255 |b Deutsche Orte |k Theologie und Religionswissenschaften |k Patrologie und Kirchengeschichte |k Hand- und Lehrbücher sowie Gesamtdarstellungen |k Deutsche Orte |0 (DE-627)1270653520 |0 (DE-625)rvk/13934: |0 (DE-576)200653520 |
| 951 | |a BO | ||
| ELC | |b 1 | ||
| ORI | |a SA-MARC-ixtheo_oa001.raw | ||
| REL | |a 1 | ||
| STA | 0 | 0 | |a Pilgrimage,Pilgrimage,Place of pilgrimage,Pilgrimage place,Pilgrims and pilgrimages in art |
| STB | 0 | 0 | |a Pèlerinage,Pèlerinage |
| STC | 0 | 0 | |a Peregrinación,Peregrinación |
| STD | 0 | 0 | |a Pellegrinaggio,Pellegrinaggio |
| STE | 0 | 0 | |a 朝圣,朝圣,朝圣之旅,朝圣之旅 |
| STF | 0 | 0 | |a 朝聖,朝聖,朝聖之旅,朝聖之旅 |
| STG | 0 | 0 | |a Peregrinação,Peregrinação,Romaria (Motivo),Romaria |
| STH | 0 | 0 | |a Паломничество (мотив),Паломничество |
| STI | 0 | 0 | |a Προσκύνημα (μοτίβο),Προσκύνημα |
| SUB | |a REL | ||
| SYG | 0 | 0 | |a Pilgerfahrt,Pilgerfahrt,Pilgerreise,Wallfahrtsort,Wallfahrten,Pilgerfahrt,Pilgerreise,Wallfahrtsort,Wallfahrten , Pfarrei Sankt Anna,Schwerin,Katholische Pfarrkirche Sankt Anna , Sankt Annakapelle,Wallfahrtskirche Haigerloch,Annakirche Augsburg |
| TIM | |a 100017160101_100019451231 |b Geschichte 1716-1945 | ||



